One Actor, Two TV Shows Quiz Stats

 Plays Quiz Updated Oct 2, 2019

Support Sporcle.
Go Orange.
Score 0/15 Timer 07:00
0 Plays Today
% Correct
Breaking Bad and Malcolm in the Middle
89.9%
Friends and Joey
79.9%
Veep and Seinfeld
76.4%
Married with Children and Modern Family
71.9%
The X-Files and Californication
71.2%
Taxi and It's Always Sunny in Philadelphia
66%
Game of Thrones and Terminator: The Sarah Connor Chronicles
61.8%
Fargo and Sherlock
54.9%
% Correct
Cheers and True Detective
50.7%
Dexter and Six Feet Under
42.7%
Mr. Bean and The Black Adder
41.6%
The Vampire Diaries and Lost
26.8%
American Gods and Deadwood
18.3%
Twin Peaks and Desperate Housewives
16.5%
The Leftovers and Doctor Who
10%

You're not logged in!

Compare scores with friends on all Sporcle quizzes.
OR
Log In

From the Vault

Wiki Geography Picture Click

by metashades

When in doubt, look it up on Wikipedia.
Remove Ads.
Support Sporcle.
Get the best of Sporcle when you Go Orange. This ad-free experience offers more features, more stats, and more fun while also helping to support Sporcle. Thank you for becoming a member.

Show Comments

Extras

Top Quizzes Today


Score Distribution

Your Account Isn't Verified!

In order to create a playlist on Sporcle, you need to verify the email address you used during registration. Go to your Sporcle Settings to finish the process.

Report this User

Report this user for behavior that violates our Community Guidelines.

Details: